[Event "Istanbul ol (Men) 34th"]
[Site "Istanbul"]
[Date "2000.11.08"]
[Round "11.1"]
[White "Adams, Michael"]
[Black "Papaioannou, Ioannis"]
[Result "1-0"]
[WhiteElo "2755"]
[BlackElo "2578"]
[Annotator "Mueller,Karsten"]
[PlyCount "65"]
[EventDate "2000.10.28"]
[EventType "team-swiss"]
[EventRounds "14"]
[EventCountry "TUR"]
[SourceTitle "EXT 2001"]
[Source "ChessBase"]
[SourceDate "2000.11.22"]
[SourceVersion "1"]
[SourceVersionDate "2000.11.22"]
[SourceQuality "1"]
[WhiteTeam "England"]
[BlackTeam "Greece"]
[WhiteTeamCountry "ENG"]
[BlackTeamCountry "GRE"]

1. e4 {McShane} c6 2. c4 d5 3. exd5 Nf6 4. Nc3 cxd5 5. d4 e6 6. Nf3 Bb4 7. cxd5
Nxd5 8. Qc2 Nc6 9. Be2 O-O 10. O-O {McShane: 'These positions with an isolated
queen's pawn (IQP for short) are always rich with possibilities for both sides.
'} Nce7 $5 $146 {'?!' McShane. McShane: 'This move takes a lot of pressure off
the White centre and allows White to quickly post his knights on e4 and e5.'
eine interessante Aufstellung der Springer. Bisher wurden hier andere Züge
gespielt, z.B.} (10... Nf6 11. a3 Be7 12. Rd1 {1/2-1/2 Sveshnikov,E-Adams,M/
Tilburg 1992/Inf 56/[Adams,M] (42)}) (10... Be7 {1/2-1/2 Gavrikov,V-Gausel,E/
Gothenburg 1998/CBM 63/[Mueller,Karsten] (19)}) (10... Re8 11. Rd1 Bf8 12. Qe4
{1/2-1/2 Kindermann,S-Bareev,E/Germany 2000/CBM 75 (27)}) 11. Bd3 (11. Ng5 {
kam ebenfalls in Betracht z.B.} Nf6 12. Be3 Nf5 13. Rad1) 11... h6 {McShane:
'This weakening becomes significant later. Now if Black wants to block the
b1-h7 diagonal with g7-g6, the h-pawn will hang.'} 12. Ne4 b6 13. Ne5 Bb7 14.
Qe2 Nf5 15. a3 Be7 $6 ({Was sprach gegen den Bauernraub} 15... Nxd4 {?}) 16.
Ng3 Nxg3 (16... Nxd4 $2 17. Qe4 Nf5 18. Nxf5 exf5 19. Qxf5 Nf6 20. Ng4 $40 {
'!' McShane. McShane: 'is very strong.'}) 17. hxg3 {McShane: 'This change in
the oawn structure is barely perceptible now, but it later becomes clear that
the doubled g-pawn acts as a lever for opening up the black king.'} Nf6 18. Be3
Qd5 19. f3 Qd6 20. Rad1 Rad8 21. Bb1 $14 {McShane: 'Both sides have their
pieces placed on sensible squares, but Black faces the long-term positional
problem of how to deal with the advance of the g-pawn. It is difficult to deal
with this. If the knight moves to d5, a problematic mate threat to h7 can be
set up.'} Qc7 22. g4 Rfe8 23. Bf2 Bd6 24. Rc1 Qe7 25. Bh4 Bb8 26. Qf2 Qd6 27.
Rcd1 Rc8 28. g5 {'!' McShane. McShane: 'Adams has patiently engineered the
breakhtrough, which by now is decisive.'} hxg5 29. Bxg5 Nh7 (29... Nd5 {McShane
} 30. Qh4 f5 31. Kf2 {with a huge attack.}) 30. Bxh7+ Kxh7 31. Qh4+ Kg8 32. Qh5
Rf8 $2 (32... Rc7 $2 33. Kf2 Rc2+ 34. Ke3 g6 35. Qh4 Rxb2 36. Bf6 Qxa3+ 37. Rd3
$18) ({Gibt es nach} 32... Qf8 $5 {etwas besseres als} 33. Nd7 Qd6 34. Nf6+
gxf6 35. Bxf6 Qh2+ 36. Qxh2 Bxh2+ 37. Kxh2 Kh7 $14 {?}) 33. Bf6 $1 {'!!'
McShane.} (33. Bf6 gxf6 34. Qg4+ Kh7 (34... Kh8 {McShane} 35. Kf2 Rc2+ 36. Ke3
{and mate follows.}) 35. Kf2 Rc2+ 36. Ke3 $18) 1-0

[Event "Wch Rapid"]
[Site "Dubai"]
[Date "2014.06.17"]
[Round "10"]
[White "Svidler, Peter"]
[Black "Fressinet, Laurent"]
[Result "1-0"]
[WhiteElo "2753"]
[BlackElo "2717"]
[PlyCount "93"]
[EventDate "2014.06.16"]
[EventType "swiss (rapid)"]
[EventRounds "15"]
[EventCountry "UAE"]
[SourceTitle "CBM 160 Extra"]
[Source "ChessBase"]
[SourceDate "2014.07.01"]
[SourceVersion "1"]
[SourceVersionDate "2014.07.01"]
[SourceQuality "1"]

1. e4 e5 2. Nf3 Nc6 3. Bb5 Nf6 4. d3 Bc5 5. c3 O-O 6. O-O d6 7. Nbd2 Ne7 8. Re1
c6 9. Ba4 Ng6 10. Nf1 Bb6 11. Ng3 h6 12. d4 exd4 13. cxd4 Bg4 14. h3 Bxf3 15.
gxf3 Nh7 16. f4 Qf6 17. f5 Nh4 18. e5 dxe5 19. dxe5 Qd8 20. Re4 Qxd1+ 21. Bxd1
Rad8 22. Bb3 Nf3+ 23. Kg2 Nd2 24. Bxd2 Rxd2 25. Re2 Rxe2 26. Nxe2 Re8 27. f4
Kf8 28. Rd1 Rd8 29. Rxd8+ Bxd8 30. Kf3 Ke7 31. Ng3 Bb6 32. h4 Ke8 33. Nh5 Kf8
34. f6 gxf6 35. Bc2 Kg8 36. Bxh7+ Kxh7 37. Nxf6+ Kg7 38. h5 Bd8 39. Ne8+ Kg8
40. Nd6 b6 41. f5 Kf8 42. Ke4 Bc7 43. Nc4 Bd8 44. f6 b5 45. Nd6 Ba5 46. Nf5 Bd2
47. Nd4 1-0

[Event "Corus"]
[Site "Wijk aan Zee"]
[Date "2002.01.26"]
[Round "12"]
[White "Morozevich, Alexander"]
[Black "Van Wely, Loek"]
[Result "1-0"]
[WhiteElo "2742"]
[BlackElo "2697"]
[Annotator "Finkel,A"]
[PlyCount "37"]
[EventDate "2002.01.12"]
[EventType "tourn"]
[EventRounds "13"]
[EventCountry "NED"]
[EventCategory "18"]
[SourceTitle "CBM 087"]
[Source "ChessBase"]
[SourceDate "2002.03.21"]
[SourceVersion "1"]
[SourceVersionDate "2002.03.21"]
[SourceQuality "1"]

1. e4 e6 2. d4 d5 3. Nc3 dxe4 4. Nxe4 Nd7 5. Bd3 Ngf6 6. Qe2 c5 7. Nxf6+ Nxf6
8. dxc5 Bxc5 9. Bd2 (9. Bg5 Qa5+ (9... h6 10. Bb5+ Bd7 11. Bxd7+ Qxd7 12. Bxf6
gxf6 13. Rd1 Qc6 14. Nf3 O-O 15. O-O Rfd8 $11 {Fedorov,A-Van Wely,L/Istanbul
2000/EXT 2001}) 10. Bd2 Qc7 (10... Bb4 11. Bxb4 (11. c3 Be7 12. Nf3 O-O 13. O-O
Rd8 14. Ne5 Bd7 15. c4 Qb6 16. b4 Qd4 17. Rac1 a5 18. Bc3 $14 {Nevednichy,
V-Negulescu,A/Cupa Dinamo 1998}) 11... Qxb4+ 12. c3 Qc5 13. Nf3 b6 14. Bb5+ Ke7
15. Ba6 Rd8 16. O-O Bxa6 17. Qxa6 Rd7 18. Rad1 Rad8 $11 {Asrian,K-Nalbandian,T/
Yerevan 1999}) (10... Qb6 11. O-O-O Bd7 12. f4 (12. Nh3 $5 h6 13. Qe1 $6 (13.
Bc3 O-O-O 14. Qf3 Bc6 15. Qg3 Rhg8 $11) 13... a5 $5 (13... O-O-O $2 14. Ba5)
14. Bc3 Bb4 15. a3 Bxc3 16. Qxc3 Rc8 17. Qe5 O-O $132 {Asrian,K-Feoktistov,A/
St Petersburg 1999/CBM 74}) 12... O-O-O 13. Nf3 Ng4 14. Ng5 f5 15. Nf7 Nf2 16.
Nxh8 Rxh8 17. Kb1 Re8 18. Bc3 Nxh1 19. Rxh1 $11 {Lastin,A-Feoktistov,A/
Voronezh 1998/EXT 99}) 11. Nf3 O-O 12. O-O-O b6 13. Ne5 Bb7 14. f4 (14. Rhe1
Rac8 15. Kb1 Rfe8 16. g4 Nd5 17. g5 Bd4 18. c4 Bxe5 19. cxd5 Bd6 20. Qe4 $14 {
58 Korneev,O-Zlochevskij,A/RUS-Cup8 1997/EXP}) 14... Rfd8 (14... Nd5 15. Rhf1
$1 Nb4 $6 16. Bxb4 $5 Bxb4 17. g4 Rad8 18. g5 Bd6 19. h4 $36 {Fedorov,
A-Daschian,N/RUS-Cup02 1998}) 15. Kb1 Rac8 16. Rhf1 $14 {Glek, I-Nogueiras,J/
Linares op 1996}) (9. Nf3 O-O 10. Bg5 h6 11. h4 $1 Qa5+ 12. Bd2 Qa4 13. Ne5 Qd4
14. c3 Qd5 15. O-O-O $1 Qxa2 16. g4 Qa1+ 17. Kc2 Qa4+ 18. Kb1 $16 {Rublevsky,
S-Zakharevich,I/St.Petersburg Petrov 1996 (24)}) 9... O-O 10. O-O-O Qd5 $6 {
Another attempt to prove that black's defensive resaurses in this position are
sufficient. However this attempt also failed...} 11. Kb1 (11. Bc3 Qg5+ 12. Kb1
Nd5 13. Be5 Qxg2 $2 14. Qh5 f5 15. Nf3 Qg4 16. Rhg1 $1 $18 {Sadler,M-Miles,A/
Hove 1997/CBM 61}) 11... Qxg2 12. Nf3 Qxf2 13. Qe5 Nd7 (13... Be7 14. Rdf1 Qc5
15. Qg3 Nh5 16. Qh3 g6 17. Rhg1 Nf4 18. Bxf4 e5 19. Qh6 exf4 20. Rg5 {1-0
Khalifman,A-Bareev,E/Wijk aan Zee 2002/CBM87_03 (20)}) (13... Qxf3 14. Qxc5 b6
15. Qg5 h6 16. Qh4 Qh5 17. Qg3 Kh8 18. Rhg1 Rg8 19. Rdf1 $40 {Ivanisevic,
I-Supatashvili,K/Panormo 1998/CBM 67 ext}) 14. Bxh7+ $1 Kxh7 ({Deserved
attention wierd} 14... Kh8 $5 15. Qg3 Nf6 $132 {and black's position is full
of life.}) 15. Qh5+ Kg8 16. Rhg1 $1 ({Nothing promises} 16. Rhf1 Nf6 17. Qe5
Nd7 18. Qh5 Nf6 $11) 16... Be3 17. Bxe3 $146 {Only this move appears to be a
novelty! And it's probably not such a bad one, since the game lasted... 2 more
moves!} (17. Bc3 f6 18. Rdf1 Qe2 19. Re1 Qf2 20. Ref1 Qe2 21. Re1 Qf2 22. Qg4
Rf7 23. Rgf1 $14 {Anand,V-Van Wely,L, Monaco,2001}) 17... Qxe3 18. Rg3 Qc5 $4 {
This move is not so easy to explain even taking into consideration terrible
form of Van Wely during this tournament! However no easy life was expecting
black in other variations:} (18... g6 19. Rxg6+ fxg6 20. Qxg6+ Kh8 21. Ng5 Nf6
22. Nf7+ $1 Rxf7 23. Rd8+ $18) (18... Nf6 19. Qh4 Ne4 20. Ng5 Qxg5 21. Rxg5
Nxg5 22. Qxg5 $16) (18... Qf4 $5 19. Rdg1 Rd8 20. Nd2 $1 $40) 19. Qh6 (19. Qh6
g6 20. Rh3 Qh5 21. Rxh5 gxh5 22. Rg1#) 1-0

[Event "chess.com Speed Inv Qualifier"]
[Site "chess.com INT"]
[Date "2018.06.27"]
[Round "2.9"]
[White "Dominguez Perez, L.."]
[Black "Hammer, J.."]
[Result "1-0"]
[WhiteElo "2739"]
[BlackElo "2631"]
[PlyCount "81"]
[EventDate "2018.06.26"]
[EventType "k.o. (blitz)"]
[EventRounds "2"]
[EventCountry "USA"]
[SourceTitle "The Week in Chess 1234"]
[Source "Mark Crowther"]
[SourceDate "2018.07.02"]
[SourceVersion "1"]
[SourceVersionDate "2018.07.02"]
[SourceQuality "2"]

1. d4 d5 2. Nf3 Nf6 3. e3 e6 4. Bd3 Bd6 5. O-O O-O 6. b3 c5 7. dxc5 Bxc5 8. Bb2
Qe7 9. a3 b6 10. Nbd2 Bb7 11. c4 dxc4 12. Nxc4 a5 13. Nfe5 Nc6 14. Nxc6 Bxc6
15. Qe2 Rad8 16. Ne5 Ba8 17. Rfd1 Qb7 18. Qf3 Qxf3 19. gxf3 Nd7 20. Nxd7 Rxd7
21. Bxh7+ Kxh7 22. Rxd7 Bxf3 23. Bd4 Kg6 24. Bxc5 bxc5 25. Rc7 Rh8 26. Rxc5 Rh4
27. Rc4 Rh5 28. Rf4 Bd5 29. Rg4+ Kh7 30. b4 e5 31. bxa5 Bf3 32. Ra4 e4 33. a6
Be2 34. f4 exf3 35. h4 Rh6 36. a7 Rg6+ 37. Kh2 f2 38. a8=Q f1=Q 39. Rxf1 Bxf1
40. Qe4 Kh6 41. Qf4+ 1-0

[Event "FIDE-Wch"]
[Site "Elista"]
[Date "1996.06.08"]
[Round "2"]
[White "Kamsky, Gata"]
[Black "Karpov, Anatoly"]
[Result "1-0"]
[WhiteElo "2735"]
[BlackElo "2770"]
[Annotator "Ftacnik,L"]
[PlyCount "129"]
[EventDate "1996.06.06"]
[EventType "match"]
[EventRounds "18"]
[EventCountry "RUS"]
[SourceTitle "CBM 054"]
[Source "ChessBase"]
[SourceDate "1996.10.01"]
[SourceVersion "1"]
[SourceVersionDate "1996.10.01"]
[SourceQuality "1"]

{Baburin: Positions with the isolated d-pawn were often on the menu in the
recent match in Elista; both sides playing with the isolani had their own
achievements and losses. As usual we start with the games in which the isolani
proved its dynamic strength. Our first few games illustrate the power of the
thematic d4-d5 thrust.} 1. e4 {Blatny,P Gurevich,M Baburin King} c6 2. d4 d5 3.
exd5 cxd5 4. c4 Nf6 5. Nc3 e6 6. Nf3 Bb4 7. cxd5 Nxd5 8. Bd2 Nc6 9. Bd3 Be7 10.
O-O O-O 11. Qe2 Nf6 {Karpovs specialty, since he thus manages to make
coordination of white's pieces a much more challenging matter.} (11... Ndb4) (
11... Nxc3) (11... Bf6) 12. Ne4 {Baburin: White protects the d4-pawn by
tactical means and prevents the development of the black c8-bishop on the long
diagonal at the same time, as now 12...b6? loses to 13 Nxf6+ Bxf6 14 Qe4.} (12.
Be3 Nb4 13. Bc4 a6 14. a3 Nbd5 15. Ne5 Bd7 16. Bd2 Rc8 17. Rfe1 Bc6 18. Bg5
Nxc3 19. bxc3 Bd5 20. Bxd5 Qxd5 21. Qd3 Rfd8 22. Rab1 b5 {1/2-1/2 Sermek,
D-Gerber,R/Cannes op (01)/1995/ (43)}) 12... Bd7 {Baburin: Two games later in
the match Karpov came up with an important improvment - 12...Qb6, and won a
nice game, which we will examine later on in this database.} (12... Nxd4 $2 13.
Nxd4 Qxd4 14. Bc3 Qd8 (14... Qb6 {Gurevich,M} 15. Nxf6+ Bxf6 16. Qe4 $16) 15.
Nxf6+ Bxf6 16. Rfd1 Bd7 17. Qe4 (17. Bxf6 {Baburin} Qxf6 18. Bxh7+ Kxh7 19.
Rxd7 $16) 17... g6 18. Bxf6 Qxf6 19. Qxb7 Rad8 20. Bf1 $16) (12... Qb6 $5 13.
a3 Bd7 14. Rfd1 Rad8 15. Nxf6+ Bxf6 16. Qe4 g6 17. Be3 Ne7 18. Ne5 Nf5 19. Nc4
Qa6 20. a4 Bc6 21. Qf4 Bd5 $15 {Kamsky,G-Karpov,A Elista FIDE Wch(04)}) 13.
Rad1 Rc8 (13... Qb6 14. Nxf6+ Bxf6 15. Qe4 g6 16. Bh6 Bg7 17. Bxg7 Kxg7 18. h4
Rad8 19. h5 Ne7 20. Rfe1 Qd6 21. Qh4 f6 22. Bc4 Nd5 23. h6+ Kf7 24. Nd2 Bc8 25.
Ne4 Qf4 26. Qh3 {1-0 Mortensen,E-Danielsen,H/DEN-ch (04)/1995/ (46)}) 14. Rfe1
(14. Nxf6+ $5 {Gurevich,M} Bxf6 15. Qe4 g6 16. Bh6 Re8 17. Ne5 (17. h4 $5) (17.
h4 $5 {Blatny,P})) 14... Nd5 {Baburin: Perhaps Black should have preferred 14..
.Nxe4, although even then White would keep the initiative after 15 Qxe4 g6 16
a3.} 15. Nc3 {Baburin: An excellent decision - the white knight has completed
its mission on e4 and now White puts pressure on the blockading black knight.}
Nf6 (15... Ncb4 {Baburin} 16. Bb1 Bc6 17. Ne5 $40) (15... Re8 {Baburin} 16.
Nxd5 exd5 17. Ne5 $16) (15... Nxc3 16. bxc3 $16) 16. a3 (16. Bg5 Nd5 17. Bxe7 (
17. Nxd5 {Gurevich,M} Bxg5 $13) 17... Ncxe7 $13) 16... Qc7 {Baburin: As often
happends in positions with the d4-isolani, Black has problems finding a safe
place for his queen; after 16...Qb6 White would probably respond like in the
game - 17 Bg5.} (16... Qb6 {Gurevich,M} 17. Bg5 $36) 17. Bg5 Qa5 $2 {Baburin:
A mistake in a difficult position, Black should have tried to prevent the
forthcoming Bxf6 & d4-d5!, by playing 17...Rfe8. In that case White might
continue 18 Bb1, with the idea of Qe2-d3 and then d4-d5 - White would
certainly have a great attacking position, but Black could put up some
resistance, while after 17...Qa5? he just loses.} (17... Rfe8 $142) (17... h6
18. Bxf6 Bxf6 19. d5 $1 $36 Bxc3 20. dxc6 Bxe1 21. cxd7 $16) 18. d5 $1 {
If white can break through the center on this vital square black is usually in
deep trouble. Baburin: This time the main reason behind the success of this
thematic break in the centre is the lack of protection of the d7-bishop.
Gurevich,M: Thematic break in the center.Just compare..} exd5 (18... Nxd5 19.
Nxd5 Bxg5 (19... exd5 20. Bxe7 Rfe8 21. Bb4 (21. Bxh7+ $1 Kh8 (21... Kxh7 22.
Ng5+ Kg6 (22... Kg8 23. Qh5 $18) 23. Qd3+ Bf5 24. Qg3 Qa4 25. Ne4+ Kh7 26. Qh4+
Kg8 27. Nf6+ $18) 22. Ne5 (22. Ng5 $2 Rxe7 23. Be4 g6 24. Rxd5 Qxd5 25. Bxd5
Rxe2 26. Rxe2 Nb4 $17) 22... Rxe7 23. Qh5 Rxe5 24. Rxe5 Nxe5 25. Bf5+ Kg8 26.
Qh7+ Kf8 27. Bxd7 $40 Qd2 $2 28. Qb1 $1 $16) 21... Nxb4 22. axb4 Qxb4 23. Qd2
$18) 20. Bxh7+ Kxh7 21. Nxg5+ Kh6 (21... Kg8 22. Qh5 $18) 22. b4 Qd8 (22...
Qxa3 $2 23. Rd3 $1 $18) 23. h4 exd5 24. Rxd5 $18) (18... Nb8 19. d6 Bd8 (19...
Bxd6 20. Bxf6 gxf6 21. Bxh7+ Kxh7 22. Rxd6 $16) 20. Ne4 Nd5 21. Ne5 $16) 19.
Bxf6 Bxf6 20. Bxh7+ $1 Kxh7 21. Rxd5 Bxc3 {Baburin: This is Black's best
chance, although it does not save the game. Gurevich,M: the best chance under
circumstances} (21... Qc7 22. Qd3+ Kg8 23. Rxd7 $16) (21... Qb6 22. Rxd7 Rfe8 (
22... Bxc3 23. Qd3+ g6 24. Qxc3 $16) 23. Ne4 $5 $40) 22. Rxa5 {White does not
need to get involved in the complications, arising after 22 Ng5+?! Kg6 23 Qd3+
f5 24 bxc Qa6, as the text is simply winning.} (22. Ng5+ Kg6 (22... Kg8 23. Qe4
$1 g6 (23... f5 24. Qh4 $18) 24. Qh4 Kg7 25. Qh7+ Kf6 26. Ne4+ Ke7 27. Nxc3+
$18) (22... Kh6 23. Nxf7+ Kh7 24. Qh5+ Kg8 25. Qh8+ Kxf7 26. Rxd7+ $18) 23.
Qd3+ f5 24. bxc3 $36) 22... Bxa5 (22... Bxe1 23. Ng5+ (23. Rh5+ Kg8 24. Qxe1
Bg4 25. Rh4 Bxf3 $14) 23... Kg6 24. Rd5 $18 (24. Rd5 Rce8) (24. Qd3+ f5 25. Rd5
$36)) 23. b4 {/\24.Qd3+ /\24.Qd3} Kg8 (23... Bxb4 24. axb4 Kg8 25. Qd3 Rfd8 26.
Ng5 $18) 24. bxa5 Bg4 {Karpov is extremely tough player to beat, in a
difficult position he tries to put a lot of resistance.} (24... Rfe8 25. Qd3 (
25. Qd2 Bg4 26. Rxe8+ Rxe8 $132 27. h3 Bxf3 28. gxf3 a6 $13) 25... Bg4 26. h3
Bxf3 27. Rxe8+ Rxe8 28. Qxf3 Nxa5 $14) (24... Nxa5 25. Qd2 $18) 25. a6 {
King: The a-pawn gives itself up in order to destabilise the black position.
Having lost its most secure guard, the knight on c6 is in permanent trouble.
The rest of the game bears this out. Karpov must not only defend the knight in
order to hold the queenside, but also attempt to guard the kingside at the
same time (which he very nearly succeeds in doing).} bxa6 (25... Nd4 26. Qe4
Nxf3+ 27. gxf3 Be6 28. axb7 $18) 26. Qe4 Bxf3 (26... Bh5 27. Ng5 Bg6 28. Qa4
$16) 27. Qxf3 Rfe8 28. Ra1 {Baburin: Keeping the rooks on the board, White
lessens Black's chances to build a fortress. White is technically winning.
King: A brilliant move. Kamsky correctly appreciates that he will have a
greater chance of breaking down the fortress if he keeps his rook on the board.
I think that 28 Rf1 would have done just as well, but moving the rook to the d,
c, or b- files would have given Black the chance to offer an exchange of rooks
again.} (28. Rxe8+ Rxe8 29. h4 Re6 $16) 28... Re6 29. h3 Rd8 30. Qc3 Rdd6 31.
Rb1 Rd7 32. Qc4 a5 (32... Rdd6 33. Qxa6 $18) 33. Rb5 {Gurevich,M: /\34.Rc5
leaving black just to wait and see. /\34.Rc5} Rd1+ 34. Kh2 Rd2 35. Rf5 Rd4 (
35... Ne5 36. Qc8+ Kh7 37. Rxf7 $18) 36. Qc3 Rdd6 (36... g6 37. Rxa5 Rdd6 38.
Rc5 $16) 37. Rc5 Rf6 38. Rc4 {[><d4] ><d4} Rfe6 39. Rc5 Rf6 40. Qe3 Rfe6 41.
Qg3 Rg6 42. Qb3 {[/\Qb3-b7-c7] /\Qb3-b7-c7} Rgf6 43. Qb7 Rfe6 44. Qc7 Rf6 45.
f4 $1 {King: Kamsky begins the pawn storm on the kingside. Karpov is unable to
hold his position together.} g6 (45... Rfe6 46. f5 Rf6 47. g4 g5 48. h4 Rh6 49.
Kg1 gxh4 50. g5 Rd1+ 51. Kf2 $18) 46. f5 $1 gxf5 (46... g5 47. g4 $18) 47. Rxf5
Rde6 (47... Rxf5 48. Qxd6 $18 Ne5 49. g4 (49. Qb8+ Kg7 50. Qxa7 Ng6 $16) 49...
Rf2+ (49... Rg5 50. Qd8+ Kh7 51. Qf6 $18 {/\52.Kg3}) 50. Kg3 Re2 51. Qd8+ Kg7
52. Qxa5 $18) 48. Rh5 Rh6 49. Qg3+ Kf8 (49... Reg6 50. Rxh6 $18 (50. Rxh6 Rxg3
51. Kxg3 $18)) (49... Rhg6 50. Qc3 Rh6 51. Rf5 $18) 50. Rd5 Rhg6 51. Qf2 $138
Rgf6 52. Qb2 Ke7 (52... Rd6 53. Rxd6 Rxd6 54. g4 $18) 53. Rh5 Rh6 54. Rb5 Rhf6
55. Qc3 Kf8 56. Rh5 Rh6 57. Rf5 Rhg6 (57... Ke7 58. Qg7 Rhf6 (58... Ref6 59.
Rxf6 Rxf6 60. Qg5 Ke6 61. h4 $18) 59. Qg5 a6 60. h4 $18) 58. Qf3 {Gurevich,M:
><f7 destroing black`s "fortress". קf7} Rg7 (58... Re7 59. Qf4 Ke8 60. h4 $18)
59. Qf4 Kg8 60. Qc7 Kf8 61. Qc8+ Ke7 62. Rd5 Kf6 (62... Rh7 63. Qc7+ Kf6 64.
Rd6 $18 (64. Rd6 {Blatny,P} Ne5 65. Rxe6+ Kxe6 66. Qxa7)) (62... Rgg6 63. h4 (
63. Rd7+ Kf6 64. Qh8+ $18) 63... Rh6 64. h5 Rhf6 65. Kh3 Rh6 66. g4 $18) 63.
Qh8 Re4 (63... Ne5 64. Qh6+ Rg6 65. Qf4+ Kg7 66. Rxe5 $18) 64. Rh5 Ne7 65. Rh7
(65. Rh7 Nf5 66. Rxg7 Nxg7 67. Qh6+ $18) 1-0

[Event "World Cup ACP 2nd"]
[Site "Odessa"]
[Date "2008.01.06"]
[Round "2.3"]
[White "Karjakin, Sergey"]
[Black "Gelfand, Boris"]
[Result "1-0"]
[WhiteElo "2732"]
[BlackElo "2737"]
[PlyCount "63"]
[EventDate "2008.01.04"]
[EventType "k.o. (rapid)"]
[EventRounds "4"]
[EventCountry "UKR"]
[SourceTitle "CBM 122 Extra"]
[Source "ChessBase"]
[SourceDate "2008.03.04"]
[SourceVersion "1"]
[SourceVersionDate "2008.03.04"]
[SourceQuality "1"]

1. e4 e6 2. d4 d5 3. Nc3 dxe4 4. Nxe4 Bd7 5. Nf3 Bc6 6. Bd3 Nd7 7. O-O Ngf6 8.
Ng3 Be7 9. Qe2 Bxf3 10. Qxf3 c6 11. Re1 O-O 12. c3 Re8 13. Bf4 Qa5 14. a3 Bf8
15. Rad1 e5 16. Be3 Rad8 17. Bb1 Qd5 18. Ne4 exd4 19. Bxd4 Nxe4 20. Bxe4 Qg5
21. Bxh7+ Kxh7 22. Rxe8 Rxe8 23. Qh3+ Kg8 24. Qxd7 Qd2 25. Be3 Qe2 26. h3 Re6
27. Qd2 Qxd2 28. Rxd2 a6 29. Rd7 Re7 30. Rd8 Re5 31. b4 Rd5 32. Rc8 1-0

[Event "Bundesliga 1213"]
[Site "Germany"]
[Date "2013.03.16"]
[Round "11.1"]
[White "Giri, Anish"]
[Black "Bartel, Mateusz"]
[Result "1-0"]
[WhiteElo "2730"]
[BlackElo "2635"]
[PlyCount "67"]
[EventDate "2012.10.20"]
[EventType "team-tourn"]
[EventRounds "15"]
[EventCountry "GER"]
[SourceTitle "CBM 154"]
[Source "ChessBase"]
[SourceDate "2013.05.15"]
[SourceVersion "1"]
[SourceVersionDate "2013.05.15"]
[SourceQuality "1"]
[WhiteTeam "Emsdetten Turm"]
[BlackTeam "Wattenscheid"]
[WhiteTeamCountry "GER"]
[BlackTeamCountry "GER"]
[WhiteClock "0:01:23"]
[BlackClock "0:08:34"]

1. Nf3 Nf6 2. c4 e6 3. g3 a6 4. e3 d5 5. b3 Bd6 6. Bb2 O-O 7. Bg2 b5 8. O-O
bxc4 9. bxc4 Nc6 10. Bxf6 Qxf6 11. d4 Rb8 12. Nc3 dxc4 13. Nd2 Na5 14. Qa4 Bb4
15. a3 Bxc3 16. Ne4 Qf5 17. Nxc3 Nb3 18. Rad1 Qc2 19. Qxc4 Nd2 20. Qxc7 Nxf1
21. Be4 Rb7 22. Qc5 Qb2 23. Rb1 Qd2 24. Rxf1 Rb2 25. Bxh7+ Kxh7 26. Ne4 Qc2 27.
Qxf8 Qxe4 28. Qxc8 a5 29. Qc5 a4 30. Qa7 f5 31. Qxa4 Kh6 32. Qe8 Ra2 33. h4
Rxa3 34. h5 1-0

[Event "RUS GP rap final"]
[Site "Apatity"]
[Date "2011.12.02"]
[Round "2.1"]
[White "Nepomniachtchi, Ian"]
[Black "Bocharov, Dmitry"]
[Result "1-0"]
[WhiteElo "2730"]
[BlackElo "2609"]
[PlyCount "71"]
[EventDate "2011.12.02"]
[EventType "k.o. (rapid)"]
[EventRounds "4"]
[EventCountry "RUS"]
[SourceTitle "CBM 145 Extra"]
[Source "ChessBase"]
[SourceDate "2012.01.03"]
[SourceVersion "1"]
[SourceVersionDate "2012.01.03"]
[SourceQuality "1"]

1. c4 e5 2. Nc3 Nf6 3. Nf3 Nc6 4. g3 d5 5. cxd5 Nxd5 6. Bg2 Nb6 7. O-O Be7 8.
a3 a5 9. d3 O-O 10. Be3 Be6 11. Rc1 a4 12. Bxb6 cxb6 13. Nxa4 e4 14. Ne1 Nd4
15. Nc3 Bg5 16. e3 Nb3 17. Bxe4 Nxc1 18. Qxc1 Qd7 19. d4 Qxd4 20. f4 Bxf4 21.
Rxf4 Qd7 22. Nc2 Rfe8 23. Nd4 Rad8 24. Qf1 Re7 25. Qb5 Qd6 26. Bxh7+ Kxh7 27.
Qh5+ Kg8 28. Ne4 Qc7 29. Rh4 f6 30. Nxf6+ Kf8 31. Rf4 Qc1+ 32. Kg2 gxf6 33.
Rxf6+ Kg8 34. Rg6+ Kf8 35. Qh8+ Kf7 36. Rf6# 1-0